00719nam a2200229Ia 4500003000900000008004100009040001300050040001300063041000800076100002800084100000900112245006700121250001000188260003500198260000900233300001100242300001000253490000600263942000700269999001700276952019600293IT-RoPAU120407s9999 xx 000 0 und d aIT-RoPAU cIT-RoPAU afra aClement Dillenschneider ccssr aLe sens de la foi et le progres dogmatique du mistere marial  aRoma  aAcad. Mariana Internationalis  c1954 a402 p. c24 cm v1 cBK c34116d34116 00102ddc406243_55000000000000071aPAULUSbPAULUSd2012-04-11l0o243.55r2012-04-11 00:00:00w2012-04-11yBKzInserito da: Mario In data: 06 agosto 2011 fondo: Via A.Severo 56 Progr:23815